000 02059cam a2200265 4500500
005 20260329021532.0
041 _afre
042 _adc
100 1 0 _aRobin, Geoffroy
_eauthor
245 0 0 _aLa contraception hormonale masculine : état des connaissances
260 _c2022.
500 _a12
520 _aContraception allows heterosexual couples to have the most fulfilling sexuality possible while protecting themselves from unwanted pregnancy. In the majority of couples, contraception is assumed by the women. Currently, the most commonly used male contraceptive methods are the male condom and vasectomy. Many other methods, such as thermal contraception and hormonal contraceptives, havebeen proposed and evaluated. The purpose of this review is to provide an overview of the various hormonal male contraceptive methods that may one day be considered.
520 _aLa contraception permet, au sein d’un couple hétérosexuel, d’avoir une sexualité la plus épanouie possible tout en se protégeant contre la survenue d’une grossesse non désirée. Dans une majorité de couples, la contraception est assumée par les femmes. Actuellement, les méthodes de contraception masculines les plus couramment utilisées sont le préservatif masculin et la vasectomie. De nombreuses autres stratégies, comme la contraception thermique et des méthodes hormonales, ont été proposées et évaluées. Le but de cette revue est de dresser un état des lieux des différentes méthodes de contraception hormonales masculines qui pourraient un jour être envisagées.
690 _aanalogues de la gonadolibérine (GnRH)
690 _aandrogènes
690 _acontraception masculine
690 _aprogestatifs
690 _aandrogens
690 _aGnRH analogues
690 _amale contraception
690 _aprogestins
786 0 _nMédecine de la Reproduction | 24 | 1 | 2022-01-01 | p. 106-112 | 2650-8427
856 4 1 _uhttps://stm.cairn.info/revue-medecine-de-la-reproduction-2022-1-page-106?lang=fr&redirect-ssocas=7080
999 _c1913334
_d1913334